00542nam a2200169Ia 450000500170000000800410001702000150005808200170007310000160009024500650010626000330017130000130020465000350021794200060025295200990025899900150035720240624050709.0240331s9999 xx 000 0 und d a8177200364 bMONa894.811 aMonaghan, J 0aSamooga-panpaattumaanidaviyal :bmikach curukkamana arimugam aputhanathambadaiyalamc2005 a224 p ., aSocial & cultural Anthropology cL 001040708LaWERCLbWERCLcSSCd2024-03-31l0o 894.811 MONp5520r2024-03-31w2024-03-31yL c3763d3763